Oceňování jako pomocné měřítko hodnot
Charakteristika pojmu cena. Cena dohodnutá a cena zistená. Ceny a trh. Princíp oceňovania. Funkčnosť oceňovacieho predpisu. Zmeny vo výške oceňovania. Odbornosť znalcov, ktorí oceňujú nehnuteľnosti. Stručná charakteristika pripravovaného zákona o oceňovaní.
Guardado en:
| Autor principal: | |
|---|---|
| Formato: | Capítulo de libro |
| Lenguaje: | checo |
| Materias: | |
| Etiquetas: |
Sin Etiquetas, Sea el primero en etiquetar este registro!
|
MARC
| LEADER | 00000naa a2200000 4500 | ||
|---|---|---|---|
| 001 | r024872 | ||
| 005 | 20221213081958.2 | ||
| 041 | 0 | |a cze | |
| 044 | |a CZ | ||
| 245 | 1 | 0 | |a Oceňování jako pomocné měřítko hodnot |c J. Fürstová |
| 520 | |a Charakteristika pojmu cena. Cena dohodnutá a cena zistená. Ceny a trh. Princíp oceňovania. Funkčnosť oceňovacieho predpisu. Zmeny vo výške oceňovania. Odbornosť znalcov, ktorí oceňujú nehnuteľnosti. Stručná charakteristika pripravovaného zákona o oceňovaní. | ||
| 610 | 2 | 0 | |a oceňovanie |
| 610 | 2 | 0 | |a ceny |
| 610 | 2 | 0 | |a trh |
| 610 | 2 | 0 | |a zákony |
| 610 | 2 | 0 | |a Česko |
| 100 | 1 | |a Fürstová, J. | |